000 00387nam a22001457a 4500
005 20200607123649.0
008 200607b xxu||||| |||| 00| 0 eng d
082 _a345.4
110 _aALL INDIA REPORTER
_95836
245 _aALL INDIA REPORTER , 1968 (V-55) MYSORE SECTION
260 _aMUMBAI
_bALL INDIA REPORTER, PVT. LTD.
300 _a512;p
650 _aLAW
_95701
942 _cJRL
999 _c6904
_d6902